| 000 | 00937cam a22002537a 4500 | ||
|---|---|---|---|
| 003 | MX-MxUPN | ||
| 005 | 20240610170825.0 | ||
| 008 | 240520s2023 mx| |||fr||||a000 0 spa d | ||
| 020 | _a9786077086604 | ||
| 040 |
_aMX-MxUPN _bspa |
||
| 041 | 0 |
_aspa _hger |
|
| 050 | 4 |
_aKK1968.5 _bC53 2023 |
|
| 245 | 0 | 4 |
_aLos claroscuros del derecho al olvido en la era digital : _bsentencia 1 BvR 16/13 : sentencia STC 58/2018 |
| 250 | _a1a edición | ||
| 260 |
_aMéxico : _bTribunal Electoral del Poder Judicial de la Federación, _c2023 |
||
| 300 | _a234 páginas | ||
| 490 | 0 |
_aSentencias relevantes de cortes extranjeras ; _v27 |
|
| 650 | 4 |
_952293 _aDerecho al olvido _zAlemania _vSentencias |
|
| 650 | 4 |
_952294 _aDerecho al olvido _zEspaña _vSentencias |
|
| 700 | 1 |
_952272 _aInfante Gonzáles, Indalfer _ecomentario |
|
| 902 |
_aFernandoJiménezSánchez200524 _bVíctorGodínez/100624 |
||
| 942 |
_2lcc _cLIBRO |
||
| 999 |
_c211262 _d211262 |
||